[Event "DVM U20 2013"]
[Site "Osnabrück GER"]
[Date "2013.12.30"]
[Round "7"]
[White "Mikeler, Marcel"]
[Black "Wegmann, Sven"]
[Result "0-1"]
[Termination "normal"]
[Board "8.4"]
[WhiteElo "1729"]
[BlackElo "1683"]
[WhiteTeam "Heilbronner SV"]
[BlackTeam "SC Erlangen"]
[WhiteFideId "12927856"]
[BlackFideId "1270756"]
[EventCountry "GER"]
[EventRounds "7"]
[EventType "team-swiss"]
[EventDate "2013.12.26"]

1. d4 d5 2. c4 e6 3. Nc3 c5 4. Nf3 Nc6 5. e3 Nf6 6. b3 Be7 7. Bb2 O-O 8. Be2 b6
9. O-O Bb7 10. Rc1 Rc8 11. Qd2 Qd7 12. Rfd1 Rfd8 13. h3 Na5 14. Ne5 Qe8 15.
cxd5 Nxd5 16. Bb5 Nc6 17. Nxd5 Rxd5 18. Qe2 Qd8 19. Nxc6 Bxc6 20. Bc4 Rd7 21.
dxc5 Bxc5 22. Rxd7 Qxd7 23. Qg4 g6 24. Rd1 Qc7 25. Qg5 Be7 26. Qh6 Bf8 27. Qh4
Bg7 28. Bxg7 Kxg7 29. Qd4+ Kg8 30. a4 Qe7 31. e4 Qc7 32. e5 Kf8 33. f3 Ke8 34.
Kf2 Rd8 35. Qxd8+ Qxd8 36. Rxd8+ Kxd8 37. Ke3 Kd7 38. g3 h6 39. f4 Ke7 40. Kd4
Kd7 41. Bf1 Kc7 42. g4 Kd7 43. Be2 Ke7 44. h4 Bd5 45. b4 Kd8 46. Ke3 Bc6 47. a5
Ke7 48. Bd3 Bd7 49. Be4 Bc8 50. axb6 axb6 51. Bc6 Bd7 52. Bxd7 Kxd7 53. Kd4 Kc6
54. Kc4 Kc7 55. b5 Kd7 56. Kd4 Ke7 57. Ke4 Kf8 58. h5 Ke7 59. Kf3 Kf8 60. Kg3
Kg7 61. Kh4 Kh7 62. g5 Kg7 63. gxh6+ Kxh6 64. hxg6 Kxg6 65. Kg4 f6 66. exf6
Kxf6 67. Kf3 Kf5 68. Ke3 e5 69. fxe5 Kxe5 70. Kd3 Kd5 71. Kc3 Kc5 72. Kb3 Kxb5
73. Kc3 Ka4 74. Kc2 Ka3 75. Kb1 b5 76. Ka1 Kb3 77. Kb1 b4 78. Ka1 Kc2 79. Ka2
b3+ 80. Ka3 b2 81. Ka4 b1=Q 0-1

[Event "DVM U20 2013"]
[Site "Osnabrück GER"]
[Date "2013.12.30"]
[Round "7"]
[White "Karataev, Phillip"]
[Black "Ignatov, Dmitriy"]
[Result "1/2-1/2"]
[Termination "normal"]
[Board "8.5"]
[WhiteElo "1652"]
[BlackElo "1706"]
[WhiteTeam "SC Erlangen"]
[BlackTeam "Heilbronner SV"]
[WhiteFideId "12908975"]
[BlackFideId "12927872"]
[EventCountry "GER"]
[EventRounds "7"]
[EventType "team-swiss"]
[EventDate "2013.12.26"]

1. Nf3 Nf6 2. g3 g6 3. Bg2 Bg7 4. O-O O-O 5. c4 d6 6. Nc3 Nbd7 7. d3 c5 8. Rb1
Rb8 9. a3 b6 10. b4 Bb7 11. Bd2 Ng4 12. bxc5 bxc5 13. Qc2 Bxf3 14. Bxf3 Nge5
15. Bg2 Nb6 16. Rb3 Qc8 17. Rfb1 Qf5 18. Nd5 Rfe8 19. Nxb6 axb6 20. Rxb6 Rxb6
21. Rxb6 Ng4 22. Bf3 Bd4 23. Be1 Ne5 24. Kg2 Nxf3 25. exf3 Qe6 26. Bc3 Bxc3 27.
Qxc3 Ra8 28. Qb3 Qc8 29. a4 Kg7 30. Qb5 Qe8 31. Qxe8 Rxe8 32. a5 Ra8 33. a6 Kf6
34. f4 Ra7 35. Kf3 Ke6 36. Kg4 h6 37. h4 f5+ 38. Kh3 h5 39. Kg2 Kd7 40. Rb8 Ke6
41. Kf3 Rxa6 42. Rb1 Ra3 43. Re1+ Kf6 44. Re3 Rb3 45. Kg2 Rb2 46. Kf3 1/2-1/2

[Event "DVM U20 2013"]
[Site "Osnabrück GER"]
[Date "2013.12.30"]
[Round "7"]
[White "Thren, Christian"]
[Black "Wegmann, Simon"]
[Result "0-1"]
[Termination "normal"]
[Board "8.6"]
[WhiteElo "1543"]
[BlackElo "1705"]
[WhiteTeam "Heilbronner SV"]
[BlackTeam "SC Erlangen"]
[WhiteFideId "12964344"]
[BlackFideId "1270758"]
[EventCountry "GER"]
[EventRounds "7"]
[EventType "team-swiss"]
[EventDate "2013.12.26"]

1. d4 d5 2. c4 e6 3. Nc3 Nf6 4. Nf3 c5 5. cxd5 Nxd5 6. e4 Nxc3 7. bxc3 Be7 8.
Ba3 cxd4 9. Bxe7 Qxe7 10. Nxd4 O-O 11. Be2 Rd8 12. Qc2 Bd7 13. O-O Nc6 14. Rfd1
Rac8 15. Qb3 Nxd4 16. Rxd4 Bc6 17. Bf3 h6 18. Rad1 b6 19. Rxd8+ Rxd8 20. Rxd8+
Qxd8 21. Qd1 Qxd1+ 22. Bxd1 Bxe4 23. f3 Bd5 24. a3 Kf8 25. Kf2 Ke7 26. Ke3 Kd6
27. g3 Kc5 28. Be2 Bc4 29. Bd1 a5 30. h4 b5 31. f4 a4 32. Bh5 g6 33. Bd1 Bf1
34. Kd2 Kc4 35. Bc2 Bh3 36. Bd1 f6 37. Bc2 Bf5 38. Bd1 e5 39. fxe5 fxe5 40. g4
Bd3 41. g5 h5 42. Bf3 e4 43. Bd1 Kd5 44. Ke3 Kc5 45. Bxh5 gxh5 46. g6 Kd6 47.
g7 Bc4 48. Kxe4 Ke7 49. g8=N+ Bxg8 0-1